| 000 | 00954 a2200241 4500 | ||
|---|---|---|---|
| 003 | Nust | ||
| 005 | 20230116140745.0 | ||
| 010 | _a 77359257 | ||
| 020 | _a0233966528 : | ||
| 040 | _cNust | ||
| 082 | 0 | 0 | _a651,ARN |
| 100 | 1 |
_aArnold, Denis V. _9106888 |
|
| 245 | 1 | 4 |
_aThe management of the information department _c[by] Denis V. Arnold. |
| 260 |
_aLondon : _bDeutsch [for] the Institute of Information Scientists, _c1976. |
||
| 300 |
_a143 p. : _bplans ; _c23 cm. |
||
| 490 | 1 | _aA Grafton book | |
| 490 | 1 | _aMonograph series - Institute of Information Scientists | |
| 505 | _aCommunication Patterns (Page-11), Management and Design (Page-33), Organization (Page-56), Co-Ordination (Page-106), Control (Page-121). | ||
| 650 | 0 |
_aIndustries _xInformation services _xManagement. _9106889 |
|
| 650 | 0 |
_aInformation services _xManagement. _9106890 |
|
| 830 | 0 |
_aMonograph series (Institute of Information Scientists) _9106883 |
|
| 942 |
_2ddc _cBK |
||
| 999 |
_c185911 _d185911 |
||